Mahatma Gandhi, the journalist (Record no. 359608)

000 -LEADER
fixed length control field 00430cam a22001457a 4500
008 - FIXED-LENGTH DATA ELEMENTS--GENERAL INFORMATION
fixed length control field 180718b1965 xxu||||| |||| 00| 0 eng d
082 ## - DEWEY DECIMAL CLASSIFICATION NUMBER
Classification number A99 G151c/B469
100 ## - MAIN ENTRY--PERSONAL NAME
Personal name Bhattacharyya, S.N.
245 ## - TITLE STATEMENT
Title Mahatma Gandhi, the journalist
Statement of responsibility, etc. By S.N. Bhattacharyya
260 ## - PUBLICATION, DISTRIBUTION, ETC.
Place of publication, distribution, etc. Bombay
Name of publisher, distributor, etc. Asia
Date of publication, distribution, etc. 1965
300 ## - PHYSICAL DESCRIPTION
Extent 195p.
500 ## - GENERAL NOTE
General note Rs.16.00
650 ## - SUBJECT ADDED ENTRY--TOPICAL TERM
Topical term or geographic name entry element Journalism
650 ## - SUBJECT ADDED ENTRY--TOPICAL TERM
Topical term or geographic name entry element Gandhi, Mohandas Karamchand - Criticism and Interpretation
Holdings
Withdrawn status Lost status Damaged status Not for loan Permanent Location Current Location Date acquired Full call number Barcode Date last seen Price effective from Koha item type
        Indian Institute of Public Administration Indian Institute of Public Administration 1994-02-10 A99 G151c/B469 38689 2018-07-21 2018-07-21 Book

Powered by Koha